La pícara molinera (Record no. 115464)

MARC details
000 -LEADER
campo de control de longitud fija 00893nam a2200241 i 4500
001 - NÚMERO DE CONTROL
campo de control 115464
003 - IDENTIFICADOR DE NÚMERO DE CONTROL
campo de control ES-MaACL
005 - FECHA Y HORA DE LA ÚLTIMA TRANSACCIÓN
campo de control 20251112170948.0
007 - CAMPO FIJO DE DESCRIPCIÓN FÍSICA--INFORMACIÓN GENERAL
campo de control de longitud fija t|
008 - DATOS DE LONGITUD FIJA--INFORMACIÓN GENERAL
campo de control de longitud fija 070309s1929 sp ||||1| spa d
080 ## - NÚMERO DE LA CLASIFICACIÓN DECIMAL UNIVERSAL
Número de la Clasificación Decimal Universal 821.134.2-293.21"19"
100 1# - ENTRADA PRINCIPAL--NOMBRE DE PERSONA
Nombre de persona Torres del Álamo, Ángel.
9 (RLIN) 110942
245 13 - MENCIÓN DEL TÍTULO
Título La pícara molinera
Resto del título : zarzuela en tres actos, el segundo dividido en dos cuadros, inspirada en una novela asturiana /
Mención de responsabilidad, etc. Torres del Alamo y Asenjo ; música del Maestro Luna.
260 ## - PUBLICACIÓN, DISTRIBUCIÓN, ETC.
Lugar de publicación, distribución, etc. Madrid :
Nombre del editor, distribuidor, etc. Prensa Moderna,
Fecha de publicación, distribución, etc. 1929.
300 ## - DESCRIPCIÓN FÍSICA
Extensión 65 p. ;
Dimensiones 17 cm.
490 1# - MENCIÓN DE SERIE
Mención de serie El Teatro moderno ;
Designación de volumen o secuencia 179
500 ## - NOTA GENERAL
Nota general Estrenada en el Teatro Apolo, de Madrid, el 29 de diciembre de 1928.
700 1# - ENTRADA AGREGADA--NOMBRE PERSONAL
Nombre de persona Asenjo, Antonio.
9 (RLIN) 23559
700 0# - ENTRADA AGREGADA--NOMBRE PERSONAL
Nombre de persona Luna,
Títulos y otros términos asociados al nombre (músico)
9 (RLIN) 74773
830 03 - PUNTO DE ACCESO ADICIONAL DE SERIE-TÍTULO UNIFORME
Título uniforme El teatro moderno (Prensa Moderna)
Designación de volumen o secuencia 179
9 (RLIN) 182365
852 ## - LOCALIZACIÓN
Ubicación ES-MaACL
Número de control de estantería C-13067
Holdings
Estatus retirado Estado de pérdida Estado de daño No para préstamo Biblioteca de origen Biblioteca actual Ubicación en estantería Fecha de adquisición Fuente de adquisición Total de préstamos Signatura topográfica completa Código de barras Visto por última vez Precio de reemplazo Tipo de ítem Koha
        Biblioteca del Ateneo de Madrid Biblioteca del Ateneo de Madrid Sala Palomar 17/01/2008     C-13067 1120389 23/02/2023 23/02/2023 Libro impreso